[Event "Tradewise Hastings Masters 15-16"]
[Site "Hastings, England"]
[Date "2015.12.28"]
[Round "1.1"]
[White "Berkes, Ferenc"]
[Black "Ripari, Marcelo"]
[Result "1-0"]
[WhiteElo "2650"]
[BlackElo "2310"]
[PlyCount "79"]
[EventDate "2015.??.??"]

1. c4 Nf6 2. Nf3 g6 3. Nc3 d5 4. cxd5 Nxd5 5. h4 Nxc3 6. bxc3 h5 7. g3 Nc6 8.
Bg2 Bg7 9. O-O O-O 10. d4 Na5 11. Bg5 b6 12. Qd3 Bb7 13. e4 Qd7 14. Rad1 e6 15.
Rfe1 Qa4 16. Bf1 Rfe8 17. Qb1 Bc6 18. Bf4 Re7 19. Ne5 Be8 20. Qb4 Qxb4 21. cxb4
Nc6 22. Nxc6 Bxc6 23. Rc1 Bb7 24. Bxc7 Rd7 25. d5 exd5 26. Bh3 Re7 27. e5 Bc8
28. Bd6 Re8 29. Bf1 Be6 30. Bb5 Red8 31. Be7 Bf8 32. Bxd8 Rxd8 33. a3 a5 34.
bxa5 Bxa3 35. Ra1 Bb4 36. axb6 Rb8 37. Reb1 Bc5 38. Bd3 Rxb6 39. Rxb6 Bxb6 40.
Bxg6 1-0

[Event "Tradewise Hastings Masters 15-16"]
[Site "Hastings, England"]
[Date "2015.12.28"]
[Round "1.2"]
[White "Batchelor, Peter J"]
[Black "Khenkin, Igor"]
[Result "0-1"]
[WhiteElo "2307"]
[BlackElo "2605"]
[PlyCount "102"]
[EventDate "2015.??.??"]

1. d4 Nf6 2. Nf3 d5 3. c4 c6 4. Nc3 e6 5. Bg5 h6 6. Bxf6 Qxf6 7. e3 g6 8. Bd3
Bg7 9. O-O O-O 10. b4 Nd7 11. Rb1 dxc4 12. Bxc4 e5 13. d5 Nb6 14. Qb3 Bf5 15.
e4 Bg4 16. Be2 cxd5 17. exd5 Rfe8 18. Nd2 Bxe2 19. Nxe2 e4 20. Rfd1 Rac8 21.
Nf1 Nc4 22. Rd4 Nd6 23. Ne3 h5 24. Rbd1 Bh6 25. Ng3 Bxe3 26. Qxe3 Rc2 27. Re1
Rxa2 28. Rxe4 Nxe4 29. Nxe4 Rxe4 30. Qxe4 Qxf2+ 31. Kh1 Rd2 32. h3 Rxd5 33. Rc1
Qf5 34. Qe3 a6 35. Qb6 Qf4 36. Re1 Rd7 37. Qc5 Kh7 38. b5 Rc7 39. Qd5 axb5 40.
Qxb5 Rc1 41. Rxc1 Qxc1+ 42. Kh2 Qc7+ 43. Kh1 b6 44. g4 Qc1+ 45. Kg2 Qd2+ 46.
Kf3 Qc3+ 47. Kg2 h4 48. Qf1 Kg7 49. Kh1 b5 50. g5 b4 51. Qg2 Qe1+ 0-1

[Event "Tradewise Hastings Masters 15-16"]
[Site "Hastings, England"]
[Date "2015.12.28"]
[Round "1.3"]
[White "Mista, Aleksander"]
[Black "Taylor, Adam C"]
[Result "1-0"]
[WhiteElo "2567"]
[BlackElo "2282"]
[PlyCount "133"]
[EventDate "2015.??.??"]
[WhiteClock "1:20:07"]
[BlackClock "0:48:21"]

1. e4 e5 2. Nf3 Nc6 3. Bb5 Nf6 4. d3 Bc5 5. c3 d6 6. d4 exd4 7. cxd4 Bb4+ 8.
Bd2 O-O 9. Bxc6 Bxd2+ 10. Nbxd2 bxc6 11. O-O Nd7 12. Rc1 c5 13. Nb3 Rb8 14. Qc2
Qf6 15. Rfe1 Qg6 16. Qe2 Re8 17. dxc5 Nf6 18. Nfd2 Nd5 19. Qf3 Bg4 20. Qg3 Nb4
21. a3 Na6 22. cxd6 cxd6 23. Rc6 Rb6 24. Rxb6 axb6 25. Qd3 Nc5 26. Nxc5 dxc5
27. Nc4 h5 28. h3 Bc8 29. Re3 Bb7 30. Qd6 Qxd6 31. Nxd6 Rb8 32. Rc3 Kf8 33. b4
cxb4 34. axb4 Ke7 35. Nxb7 Rxb7 36. Rc6 b5 37. Rc5 h4 38. f3 Rb6 39. Kf2 Ra6
40. Rxb5 Ra2+ 41. Kg1 g6 42. Rg5 Rb2 43. Rg4 Rxb4 44. Rxh4 Rb2 45. Rh8 Kf6 46.
Kh2 Rb3 47. h4 Ra3 48. Kg3 Ra2 49. Kh3 Ra3 50. Kg4 Kg7 51. Rb8 Ra5 52. Rb7 Kf6
53. Kf4 Rh5 54. g3 Ra5 55. g4 Ra6 56. Rb5 Ra3 57. h5 gxh5 58. Rxh5 Kg6 59. Rd5
Ra6 60. g5 Rb6 61. Kg4 Rb1 62. Rd6+ Kg7 63. f4 Rb4 64. Kf5 Ra4 65. g6 fxg6+ 66.
Rxg6+ Kf7 67. Rd6 1-0

[Event "Tradewise Hastings Masters 15-16"]
[Site "Hastings, England"]
[Date "2015.12.28"]
[Round "1.4"]
[White "Wadsworth, Matthew J"]
[Black "Pap, Gyula"]
[Result "0-1"]
[WhiteElo "2273"]
[BlackElo "2551"]
[PlyCount "142"]
[EventDate "2015.??.??"]
[WhiteClock "0:20:49"]
[BlackClock "0:14:50"]

1. c4 e5 2. g3 Nc6 3. Nc3 Bc5 4. Bg2 a6 5. Nf3 d6 6. O-O Bf5 7. d3 Nge7 8. a3
Qd7 9. e3 Ba7 10. d4 exd4 11. Nxd4 Bg4 12. f3 Nxd4 13. exd4 Be6 14. b3 b5 15.
Kh1 bxc4 16. d5 Bf5 17. bxc4 O-O 18. Re1 Bg6 19. f4 h5 20. Be3 Bxe3 21. Rxe3
Nf5 22. Re1 Rab8 23. Kg1 Qd8 24. Ne4 Rb2 25. Bf3 c6 26. dxc6 Qb6+ 27. Kh1 Nd4
28. Bxh5 Bf5 29. c7 Bh3 30. Bf3 Nxf3 31. Qxf3 Bg2+ 32. Qxg2 Rxg2 33. Kxg2 Qxc7
34. Rad1 Qxc4 35. Rxd6 Qa2+ 36. Kh3 Qxa3 37. Red1 Qf3 38. Ng5 Qh5+ 39. Kg2 Re8
40. Rd8 f6 41. Nf3 Rxd8 42. Rxd8+ Kh7 43. Ra8 Qb5 44. g4 a5 45. h4 Qd5 46. Ra7
Qc5 47. Ra8 a4 48. Kg3 a3 49. h5 g6 50. hxg6+ Kxg6 51. Ra6 Kg7 52. Ra4 Qc3 53.
Ra7+ Kf8 54. g5 fxg5 55. fxg5 Qb2 56. Ra8+ Kf7 57. Ra7+ Ke6 58. Ra6+ Kd5 59.
Ra5+ Ke4 60. g6 a2 61. Ng5+ Kd3 62. g7 Qxg7 63. Rxa2 Qxg5+ 64. Kf2 Qc5+ 65. Kf1
Ke3 66. Rf2 Qd4 67. Kg1 Qd7 68. Rf1 Qg4+ 69. Kh2 Ke2 70. Rg1 Qh5+ 71. Kg2 Qh4
0-1

[Event "Tradewise Hastings Masters 15-16"]
[Site "Hastings, England"]
[Date "2015.12.28"]
[Round "1.5"]
[White "Vakhidov, Jahongir"]
[Black "Rudd, Jack"]
[Result "1-0"]
[WhiteElo "2546"]
[BlackElo "2255"]
[PlyCount "67"]
[EventDate "2015.??.??"]

1. d4 Nf6 2. Nf3 e6 3. e3 c5 4. c4 d5 5. Nc3 a6 6. a3 Nc6 7. dxc5 Bxc5 8. b4
Ba7 9. Bb2 O-O 10. Be2 d4 11. exd4 Nxd4 12. Nxd4 Bxd4 13. O-O e5 14. Qc2 Be6
15. Na4 Bxb2 16. Qxb2 Qc7 17. Rfe1 Rad8 18. Nc5 Bc8 19. Rac1 b6 20. Nb3 e4 21.
Qc3 Bg4 22. Bf1 Bf5 23. h3 Bg6 24. a4 Rd7 25. c5 Nd5 26. Qc4 b5 27. axb5 axb5
28. Qxb5 Rb8 29. c6 Rdd8 30. Qa5 Nb6 31. Nc5 Rd5 32. Na6 Rxa5 33. bxa5 Qe5 34.
axb6 1-0

[Event "Tradewise Hastings Masters 15-16"]
[Site "Hastings, England"]
[Date "2015.12.28"]
[Round "1.6"]
[White "Anderson, John"]
[Black "Sulskis, Sarunas"]
[Result "1/2-1/2"]
[WhiteElo "2247"]
[BlackElo "2535"]
[PlyCount "103"]
[EventDate "2015.??.??"]

1. e4 e6 2. d4 d5 3. Nc3 Bb4 4. e5 Qd7 5. a3 Bxc3+ 6. bxc3 b6 7. f4 Ba6 8. Bxa6
Nxa6 9. Qd3 Nb8 10. Ne2 h5 11. f5 exf5 12. O-O Nc6 13. Bg5 f6 14. exf6 gxf6 15.
Bh4 O-O-O 16. Qxf5 Qxf5 17. Rxf5 Nce7 18. Bxf6 Nxf5 19. Bxh8 Ne3 20. Nf4 h4 21.
Be5 Nh6 22. a4 a5 23. Re1 Nhf5 24. Bxc7 Kxc7 25. Ne6+ Kc8 26. Nxd8 Kxd8 27. Kf2
Nc4 28. Kf3 b5 29. axb5 a4 30. Ra1 a3 31. g4 hxg3 32. hxg3 Nfd6 33. b6 Nb5 34.
b7 Kc7 35. g4 Nxc3 36. g5 Nb5 37. c3 Nxc3 38. g6 Ne4 39. g7 Nf6 40. Rh1 Kxb7
41. Kf4 Nd6 42. Ke5 Nde8 43. Ke6 Ng8 44. Kf7 Nxg7 45. Kxg7 Ne7 46. Ra1 Nf5+ 47.
Kf6 Nxd4 48. Rxa3 Kb6 49. Ke5 Nb5 50. Rb3 Kc5 51. Rxb5+ Kxb5 52. Kxd5 1/2-1/2

[Event "Tradewise Hastings Masters 15-16"]
[Site "Hastings, England"]
[Date "2015.12.28"]
[Round "1.7"]
[White "Gormally, Daniel W"]
[Black "Prosviriakov, Vladimir"]
[Result "1-0"]
[WhiteElo "2506"]
[BlackElo "2232"]
[Annotator "Carr,Matthew"]
[PlyCount "77"]
[EventDate "2015.??.??"]
[WhiteClock "0:02:44"]
[BlackClock "0:02:49"]

1. d4 e6 2. e4 d5 3. Nd2 a6 4. Ngf3 c5 5. dxc5 Bxc5 6. Bd3 Nc6 7. c3 Nf6 8. Qe2
dxe4 9. Nxe4 Be7 10. O-O O-O 11. Nxf6+ Bxf6 12. h4 e5 13. Rd1 Qe7 14. Ng5 g6
15. Be3 Be6 16. Nxe6 Qxe6 17. Bc4 Qe7 18. Qg4 Rfd8 19. h5 Kg7 20. Bb6 Rd6 21.
Rxd6 Qxd6 22. Rd1 Nd4 23. cxd4 Qxb6 24. dxe5 Bxe5 25. Rd7 Rf8 26. h6+ Kxh6 27.
Bxf7 Qf6 28. Qh3+ Kg5 29. g3 h5 30. f4+ Kh6 31. fxe5 Qb6+ 32. Kh1 Qc6+ 33. Kh2
Qf3 34. e6 Rc8 35. Qg2 Qf5 36. Qd2+ g5 37. Rd5 Qg4 38. Qf2 Kg7 39. Rd7 1-0

[Event "Tradewise Hastings Masters 15-16"]
[Site "Hastings, England"]
[Date "2015.12.28"]
[Round "1.8"]
[White "Lyell, Mark"]
[Black "Fodor, Tamas Jr"]
[Result "0-1"]
[WhiteElo "2228"]
[BlackElo "2492"]
[Annotator "Carr,Matthew"]
[PlyCount "62"]
[EventDate "2015.??.??"]
[WhiteClock "0:05:45"]
[BlackClock "0:31:46"]

1. e4 e5 2. Nf3 Nc6 3. d4 exd4 4. Nxd4 Bc5 5. Nb3 Bb6 6. Nc3 Nf6 7. Qe2 O-O 8.
Bg5 Nd4 9. Qd2 Nxb3 10. axb3 Re8 11. O-O-O h6 12. Bxf6 Qxf6 13. f4 d6 14. Be2
Bd7 15. Nd5 Qd8 16. Bf3 Bc6 17. Kb1 Bc5 18. h4 a5 19. g3 Bxd5 20. Qxd5 c6 21.
Qf5 a4 22. e5 axb3 23. cxb3 d5 24. Rhe1 Qb6 25. e6 fxe6 26. Rxe6 Rxe6 27. Qxe6+
Kh8 28. Kc2 Bd4 29. Bg4 Qc5+ 30. Kd2 Bxb2 31. Bf5 Qf2+ 0-1

[Event "Tradewise Hastings Masters 15-16"]
[Site "Hastings, England"]
[Date "2015.12.28"]
[Round "1.9"]
[White "Arkell, Keith C"]
[Black "Rolvag, Mikael"]
[Result "1/2-1/2"]
[WhiteElo "2490"]
[BlackElo "2221"]
[Annotator "Carr,Matthew"]
[PlyCount "108"]
[EventDate "2015.??.??"]
[WhiteClock "0:20:05"]
[BlackClock "0:23:47"]

1. Nf3 c5 2. c4 g6 3. Nc3 Nf6 4. d4 cxd4 5. Nxd4 Nc6 6. e4 d6 7. Be2 Nxd4 8.
Qxd4 Bg7 9. Bg5 O-O 10. Qd2 Be6 11. f3 a5 12. Nd5 a4 13. Nxf6+ exf6 14. Be3 f5
15. exf5 Bxf5 16. O-O Qf6 17. g4 Bd7 18. Rab1 Bc6 19. Bg5 Qd4+ 20. Qxd4 Bxd4+
21. Kg2 Rfe8 22. Bd3 Be5 23. Rfd1 Kg7 24. Bh4 h5 25. h3 hxg4 26. hxg4 Rh8 27.
Bg3 Rae8 28. Re1 Bxg3 29. Kxg3 g5 30. b4 axb3 31. axb3 Kf6 32. Be4 Bxe4 33.
fxe4 Rh4 34. Rbd1 Ke6 35. Rh1 Rxh1 36. Rxh1 b5 37. cxb5 Rb8 38. Rb1 Rxb5 39. b4
Ke5 40. Kf3 d5 41. exd5 Kxd5 42. Ke3 Ke5 43. Kd3 f5 44. gxf5 Kxf5 45. Kc4 Rb8
46. b5 g4 47. b6 g3 48. Kc5 Kf4 49. b7 g2 50. Kc6 Kf3 51. Kc7 Rxb7+ 52. Kxb7
Kf2 53. Rb2+ Kf3 54. Rxg2 Kxg2 1/2-1/2

[Event "Tradewise Hastings Masters 15-16"]
[Site "Hastings, England"]
[Date "2015.12.28"]
[Round "1.10"]
[White "Gluckman, David"]
[Black "Hebden, Mark L"]
[Result "0-1"]
[WhiteElo "2219"]
[BlackElo "2469"]
[PlyCount "106"]
[EventDate "2015.??.??"]
[WhiteClock "0:45:51"]
[BlackClock "1:47:23"]

1. Nf3 Nf6 2. g3 g6 3. Bg2 Bg7 4. O-O O-O 5. c4 d6 6. d4 Nc6 7. Nc3 Rb8 8. Bf4
Ng4 9. h3 e5 10. Bg5 f6 11. Bc1 Nh6 12. dxe5 dxe5 13. Qxd8 Rxd8 14. e4 Nf7 15.
Nd5 Be6 16. Be3 Rd7 17. Rac1 Nd6 18. Nd2 Ne8 19. Nb3 b6 20. Rfd1 a5 21. Bf1 a4
22. Nd2 Bf8 23. Nb1 Bc5 24. Bxc5 bxc5 25. Nbc3 Ra8 26. Nb5 Nd4 27. Nxd4 cxd4
28. c5 Rb8 29. Rd2 Kg7 30. c6 Rd6 31. Rc5 f5 32. f3 fxe4 33. fxe4 Bxd5 34. Rxd5
Rxd5 35. exd5 Kf6 36. Be2 Ke7 37. Bd1 Rb4 38. a3 Rc4 39. Rc2 Rxc2 40. Bxc2 Kd6
41. Bxa4 Kxd5 42. Bb3+ Kc5 43. g4 g5 44. Ba4 Nd6 45. Kf2 e4 46. Ke2 Nc4 47. b4+
Kd6 48. Bc2 d3+ 49. Bxd3 exd3+ 50. Kxd3 Nxa3 51. Ke4 Ke6 52. Kd4 Nc2+ 53. Kc5
Nxb4 0-1

[Event "Tradewise Hastings Masters 15-16"]
[Site "Hastings, England"]
[Date "2015.12.28"]
[Round "1.11"]
[White "Romanishin, Oleg M"]
[Black "Ledger, Dave J"]
[Result "1-0"]
[WhiteElo "2462"]
[BlackElo "2212"]
[Annotator "Carr,Matthew"]
[PlyCount "69"]
[EventDate "2015.??.??"]
[WhiteClock "0:07:25"]
[BlackClock "0:09:15"]

1. Nf3 Nf6 2. g3 g6 3. Bg2 Bg7 4. O-O O-O 5. d4 d6 6. a4 a5 7. Nc3 Nc6 8. Nb5
Bf5 9. c3 Be4 10. Bh3 Bd5 11. Re1 Nb8 12. Nd2 e5 13. e4 Bc6 14. Bg2 Re8 15. d5
Bd7 16. Nc4 Na6 17. Nxa5 Nc5 18. b4 Nxa4 19. Qxa4 b6 20. c4 Nh5 21. Qd1 bxa5
22. bxa5 Ra6 23. Bd2 Rf8 24. Qe2 f5 25. exf5 Rxf5 26. Nc3 e4 27. c5 Bd4 28.
Nxe4 Ra8 29. Bc3 dxc5 30. Bxd4 cxd4 31. Qc4 Be8 32. g4 Nf4 33. gxf5 gxf5 34.
d6+ Bf7 35. dxc7 1-0

[Event "Tradewise Hastings Masters 15-16"]
[Site "Hastings, England"]
[Date "2015.12.28"]
[Round "1.12"]
[White "Cunningham, Robin"]
[Black "Flear, Glenn C"]
[Result "1-0"]
[WhiteElo "2205"]
[BlackElo "2459"]
[Annotator "Carr,Matthew"]
[PlyCount "89"]
[EventDate "2015.??.??"]
[WhiteClock "0:50:40"]
[BlackClock "0:48:39"]

1. e4 e5 2. Nf3 Nc6 3. Nc3 Nf6 4. Bb5 Bc5 5. Nxe5 Nxe5 6. d4 Bd6 7. f4 Neg4 8.
e5 Be7 9. exf6 Nxf6 10. O-O O-O 11. f5 d5 12. Qf3 c6 13. Bd3 b5 14. Ne2 Re8 15.
g4 Ne4 16. Ng3 Bh4 17. c3 Bb7 18. Nxe4 dxe4 19. Bxe4 Qd7 20. Bf4 Re7 21. f6
Bxf6 22. Bf5 Qd8 23. g5 c5 24. gxf6 Bxf3 25. fxe7 Qxe7 26. Rxf3 cxd4 27. cxd4
Rd8 28. Rd1 Qe2 29. Rfd3 Qxb2 30. R3d2 Qb4 31. Bg3 g6 32. Bh3 h5 33. d5 Qc3 34.
d6 Qe3+ 35. Kh1 h4 36. Rd3 Qe2 37. R1d2 Qe4+ 38. Bg2 Qc4 39. Rd4 hxg3 40. Rxc4
bxc4 41. hxg3 c3 42. Rc2 Rxd6 43. Rxc3 Rd7 44. Rb3 Kg7 45. Rb7 1-0

[Event "Tradewise Hastings Masters 15-16"]
[Site "Hastings, England"]
[Date "2015.12.28"]
[Round "1.13"]
[White "Bagi, Mate"]
[Black "Roberts, Paul"]
[Result "1-0"]
[WhiteElo "2440"]
[BlackElo "2197"]
[PlyCount "71"]
[EventDate "2015.??.??"]
[WhiteClock "0:07:26"]
[BlackClock "0:42:12"]

1. e4 e5 2. Nf3 Nc6 3. Nc3 Nf6 4. d4 exd4 5. Nxd4 Bb4 6. Nxc6 bxc6 7. Bd3 d5 8.
exd5 cxd5 9. O-O O-O 10. h3 c6 11. Qf3 Rb8 12. Bf4 Bd6 13. b3 Be6 14. Ne2 c5
15. Rad1 Rb6 16. c3 Qc8 17. Rfe1 Be7 18. Ng3 c4 19. Bc2 cxb3 20. axb3 Rc6 21.
Be5 Nd7 22. Bd4 Bf6 23. Re3 Bxd4 24. Rxd4 Nf6 25. Rf4 Bd7 26. Nh5 Nxh5 27. Qxh5
f5 28. Qf3 Be6 29. b4 Rc4 30. Rxc4 dxc4 31. Qe2 Rf6 32. Bxf5 Rxf5 33. Rxe6 Rf8
34. Re7 Qf5 35. Qxc4+ Kh8 36. Qd4 1-0

[Event "Tradewise Hastings Masters 15-16"]
[Site "Hastings, England"]
[Date "2015.12.28"]
[Round "1.14"]
[White "Singh, Vishnu"]
[Black "Williams, Simon K"]
[Result "0-1"]
[WhiteElo "2180"]
[BlackElo "2439"]
[Annotator "Carr,Matthew"]
[PlyCount "94"]
[EventDate "2015.??.??"]
[WhiteClock "0:02:33"]
[BlackClock "0:40:44"]

1. d4 e6 2. c4 f5 3. Nf3 Nf6 4. g3 Bb4+ 5. Bd2 Be7 6. Bg2 O-O 7. Nc3 d6 8. Bg5
Ng4 9. Bxe7 Qxe7 10. e3 c6 11. Qe2 e5 12. O-O Nd7 13. b4 Ndf6 14. Rab1 Bd7 15.
h3 Nh6 16. c5 e4 17. cxd6 Qxd6 18. Ne5 Nf7 19. Nxf7 Rxf7 20. Rfc1 Nd5 21. Nxd5
cxd5 22. Rc3 Rff8 23. Qb2 g5 24. Rbc1 f4 25. exf4 gxf4 26. a3 Kh8 27. gxf4 Qxf4
28. Rg3 h5 29. h4 Rg8 30. Rcc3 Raf8 31. Qe2 Bg4 32. Qe3 Qxe3 33. Rcxe3 Rc8 34.
Kf1 Rc1+ 35. Re1 Rc2 36. Bh3 Bxh3+ 37. Rxh3 Rd2 38. Rc3 Rg7 39. Rc8+ Kh7 40.
Rec1 Rf7 41. R8c7 Rdxf2+ 42. Kg1 Kg6 43. Rxb7 R7f6 44. Rd7 e3 45. Rxd5 e2 46.
Rg5+ Kh6 47. Kh1 Rf1+ 0-1

[Event "Tradewise Hastings Masters 15-16"]
[Site "Hastings, England"]
[Date "2015.12.28"]
[Round "1.15"]
[White "Sarkar, Justin"]
[Black "Byron, Alan M"]
[Result "1-0"]
[WhiteElo "2407"]
[BlackElo "2175"]
[PlyCount "49"]
[EventDate "2015.??.??"]
[WhiteClock "0:23:32"]
[BlackClock "0:07:30"]

1. e4 c5 2. Nf3 d6 3. d4 cxd4 4. Qxd4 Nc6 5. Bb5 Bd7 6. Bxc6 bxc6 7. O-O Qb6 8.
Qd3 e6 9. c4 Be7 10. Nc3 Rd8 11. b3 e5 12. Be3 Qb8 13. c5 dxc5 14. Na4 Nf6 15.
Qc2 Bg4 16. Bxc5 Bxf3 17. gxf3 Qc8 18. Bxe7 Kxe7 19. Qc5+ Rd6 20. Rfd1 Qe6 21.
Qxa7+ Nd7 22. Nc5 Qg6+ 23. Kf1 Rd8 24. Nb7 Qh5 25. Nxd6 1-0

[Event "Tradewise Hastings Masters 15-16"]
[Site "Hastings, England"]
[Date "2015.12.28"]
[Round "1.16"]
[White "Crocker, Philip J"]
[Black "Nagy, Gabor"]
[Result "0-1"]
[WhiteElo "2169"]
[BlackElo "2403"]
[PlyCount "56"]
[EventDate "2015.??.??"]
[WhiteClock "0:24:50"]
[BlackClock "0:47:43"]

1. c4 c5 2. g3 Nc6 3. Bg2 g6 4. Nc3 Bg7 5. e4 e6 6. Nge2 Nge7 7. O-O O-O 8. d3
d6 9. a3 a6 10. Rb1 Nd4 11. b4 Rb8 12. b5 Nxe2+ 13. Nxe2 axb5 14. Rxb5 Bd7 15.
Rb1 b5 16. cxb5 Rxb5 17. Bf4 Qb6 18. Rxb5 Bxb5 19. Qb3 Qa6 20. Bxd6 c4 21. Qb4
Nc6 22. Qd2 Rd8 23. Bb4 Rxd3 24. Qc2 Nxb4 25. axb4 c3 26. Qc1 Rd8 27. Nxc3 Rc8
28. Rd1 Bxc3 0-1

[Event "Tradewise Hastings Masters 15-16"]
[Site "Hastings, England"]
[Date "2015.12.28"]
[Round "1.17"]
[White "Eggleston, David J"]
[Black "Snape, Ian L"]
[Result "1/2-1/2"]
[WhiteElo "2396"]
[BlackElo "2168"]
[PlyCount "84"]
[EventDate "2015.??.??"]
[WhiteClock "0:02:59"]
[BlackClock "1:18:36"]

1. e4 c5 2. Nf3 d6 3. d4 Nf6 4. Nc3 cxd4 5. Nxd4 g6 6. Be3 Bg7 7. f3 O-O 8. Qd2
Nc6 9. O-O-O d5 10. exd5 Nxd5 11. Nxc6 bxc6 12. Bd4 e5 13. Bc5 Be6 14. Ne4 Rb8
15. Bc4 f5 16. Ng5 e4 17. Bb3 Qf6 18. c3 Bh6 19. h4 Rfe8 20. fxe4 fxe4 21. Rde1
e3 22. Bxe3 Nxe3 23. Bxe6+ Rxe6 24. Rxe3 Rd6 25. Qe2 Bxg5 26. hxg5 Qxg5 27. Kb1
Qf5+ 28. Ka1 Qd7 29. Re7 Rd2 30. Rxd7 Rxe2 31. b4 h5 32. Rxa7 Rxg2 33. Ra6 Kg7
34. a4 Re8 35. Rxc6 Ree2 36. Rc7+ Kh6 37. Rd7 Ra2+ 38. Kb1 Rgb2+ 39. Kc1 Rg2
40. Kb1 Rgb2+ 41. Kc1 Rg2 42. Kb1 Rgb2+ 1/2-1/2

[Event "Tradewise Hastings Masters 15-16"]
[Site "Hastings, England"]
[Date "2015.12.28"]
[Round "1.18"]
[White "Eggleston, Thomas A"]
[Black "Krishna C R G"]
[Result "1/2-1/2"]
[WhiteElo "2159"]
[BlackElo "2367"]
[PlyCount "71"]
[EventDate "2015.??.??"]
[WhiteClock "0:30:00"]
[BlackClock "0:38:40"]

1. d4 d5 2. c4 c6 3. Nf3 Nf6 4. e3 Bf5 5. Nc3 a6 6. Bd3 Bxd3 7. Qxd3 e6 8. O-O
Bb4 9. Bd2 O-O 10. Nxd5 Nxd5 11. cxd5 Bxd2 12. Nxd2 exd5 13. Qb3 Ra7 14. e4
dxe4 15. Nxe4 Qxd4 16. Rad1 Qxe4 17. Rfe1 Qg4 18. Qb6 Ra8 19. Qxb7 Nd7 20. Qxd7
Qa4 21. a3 Rab8 22. Rd2 h6 23. h3 Qa5 24. Red1 c5 25. Qf5 Rb5 26. Qe4 Qb6 27.
Rd6 Qb8 28. Qe7 Qe8 29. Qxe8 Rxe8 30. R6d2 Re6 31. Rc1 Kh7 32. Kf1 Kg6 33. Rcc2
Kf6 34. Rd5 Re5 35. Rd6+ Re6 36. Rd5 1/2-1/2

[Event "Tradewise Hastings Masters 15-16"]
[Site "Hastings, England"]
[Date "2015.12.28"]
[Round "1.19"]
[White "Bates, Richard A"]
[Black "Norton, Craig"]
[Result "1-0"]
[WhiteElo "2331"]
[BlackElo "2146"]
[PlyCount "55"]
[EventDate "2015.??.??"]
[WhiteClock "0:15:18"]
[BlackClock "0:12:21"]

1. d4 Nf6 2. Nf3 g6 3. g3 Bg7 4. Bg2 O-O 5. c4 d6 6. O-O Nbd7 7. Nc3 e5 8. e4
exd4 9. Nxd4 Re8 10. Rb1 a6 11. b3 Rb8 12. a4 c5 13. Nc2 Qe7 14. Ne3 Ne5 15.
Ncd5 Nxd5 16. Nxd5 Qd8 17. f4 Nc6 18. f5 Bd4+ 19. Kh1 gxf5 20. Qh5 Be6 21. Bg5
f6 22. exf5 Bf7 23. Qh6 Bxd5 24. Bxd5+ Kh8 25. Bh4 Qe7 26. Rf4 Rf8 27. Rg4 Ne5
28. Rg8+ 1-0

[Event "Tradewise Hastings Masters 15-16"]
[Site "Hastings, England"]
[Date "2015.12.28"]
[Round "1.20"]
[White "Burrows, Martin P"]
[Black "Longson, Alexander"]
[Result "1/2-1/2"]
[WhiteElo "2145"]
[BlackElo "2320"]
[PlyCount "102"]
[EventDate "2015.??.??"]
[WhiteClock "0:21:44"]
[BlackClock "0:03:23"]

1. e4 c6 2. d4 d5 3. e5 c5 4. Nf3 Nc6 5. dxc5 Bg4 6. Bb5 e6 7. b4 a5 8. c3 Bxf3
9. Qxf3 Nge7 10. O-O Ng6 11. Re1 Be7 12. Nd2 O-O 13. Bxc6 bxc6 14. Nb3 Qc7 15.
Nd4 Rfb8 16. Bd2 Rb7 17. Qe3 Rba7 18. a3 Bf8 19. f4 Re8 20. Kh1 Qd7 21. Qh3 Kh8
22. Rad1 Ne7 23. g4 Ng6 24. Bc1 Qc8 25. Qd3 Rae7 26. Rf1 Kg8 27. Rf3 f6 28. Rh3
fxe5 29. fxe5 Rf7 30. Bg5 Qd7 31. Rg1 Ra8 32. Rgg3 Rf2 33. Rf3 Rxf3 34. Nxf3
Qf7 35. Nd4 h6 36. Bd2 Nxe5 37. Qe2 Nc4 38. Rf3 Qg6 39. Nxc6 axb4 40. cxb4 Nxd2
41. Qxd2 Qxg4 42. Qe2 Qg6 43. Re3 Qb1+ 44. Kg2 Qc1 45. Rf3 Re8 46. Qd3 Rc8 47.
Qa6 Qc2+ 48. Kg3 Qg6+ 49. Kf2 Qc2+ 50. Kg3 Qg6+ 51. Kf2 Qc2+ 1/2-1/2

[Event "Tradewise Hastings Masters 15-16"]
[Site "Hastings, England"]
[Date "2015.12.28"]
[Round "1.21"]
[White "Karthik, V. AP."]
[Black "Goater, Kevin P"]
[Result "1-0"]
[WhiteElo "2310"]
[BlackElo "2141"]
[PlyCount "77"]
[EventDate "2015.??.??"]
[WhiteClock "0:46:11"]
[BlackClock "0:01:22"]

1. d4 g6 2. Nf3 Bg7 3. c4 d6 4. g3 c6 5. Bg2 a5 6. Nc3 Na6 7. O-O Nf6 8. h3 O-O
9. e4 Nd7 10. Bg5 h6 11. Be3 Nc7 12. Qd2 Kh7 13. c5 d5 14. exd5 Nxd5 15. Nxd5
cxd5 16. Rac1 Nb8 17. b3 Bd7 18. Rfe1 Nc6 19. a3 Bf5 20. Nh4 Be6 21. f4 Qd7 22.
Kh2 Rfc8 23. Bf2 Bf6 24. Nf3 Bg7 25. Re2 Bf5 26. Nh4 Be4 27. Bxe4 dxe4 28. d5
Na7 29. Rxe4 Rd8 30. Nf3 Qxd5 31. Qxd5 Rxd5 32. Rxe7 Rd3 33. Kg2 Rxb3 34. Rxf7
Kg8 35. Rd7 Nc6 36. Rcd1 Rc8 37. R1d6 Nb8 38. Rd8+ Rxd8 39. Rxd8+ 1-0

[Event "Tradewise Hastings Masters 15-16"]
[Site "Hastings, England"]
[Date "2015.12.28"]
[Round "1.22"]
[White "Tarhon, Brian"]
[Black "Golding, Alex"]
[Result "0-1"]
[WhiteElo "2139"]
[BlackElo "1955"]
[PlyCount "46"]
[EventDate "2015.??.??"]
[WhiteClock "0:28:40"]
[BlackClock "1:28:25"]

1. e4 e5 2. Nf3 Nc6 3. Bb5 a6 4. Ba4 Nf6 5. O-O b5 6. Bb3 Bc5 7. c3 d6 8. d4
Bb6 9. a4 Rb8 10. axb5 axb5 11. Na3 O-O 12. Nxb5 Bg4 13. d5 Ne7 14. Bc2 Nxe4
15. c4 f5 16. Qe1 Ng6 17. Bxe4 fxe4 18. Ng5 Nf4 19. Bxf4 exf4 20. Nxe4 Qh4 21.
Kh1 f3 22. g3 Qh3 23. Rg1 Rf5 0-1

[Event "Tradewise Hastings Masters 15-16"]
[Site "Hastings, England"]
[Date "2015.12.28"]
[Round "1.23"]
[White "Brewer, Callum D"]
[Black "Helbig, Paul D"]
[Result "1-0"]
[WhiteElo "1945"]
[BlackElo "2122"]
[PlyCount "75"]
[EventDate "2015.??.??"]
[WhiteClock "0:00:49"]
[BlackClock "0:05:56"]

1. e4 g6 2. d4 Bg7 3. Nc3 d6 4. Nf3 a6 5. Be2 b5 6. O-O Bb7 7. Re1 b4 8. Nd5 e6
9. Nxb4 a5 10. Nd3 Bxe4 11. Ng5 Bxd3 12. Qxd3 Nf6 13. Bf3 d5 14. h4 O-O 15. g4
Re8 16. Kg2 c5 17. c3 cxd4 18. cxd4 Nc6 19. Bf4 Qb6 20. Red1 Nb4 21. Qe2 Rac8
22. Rd2 Rc4 23. a3 Nc6 24. Rad1 a4 25. Qe3 Na5 26. Be2 Rc6 27. Be5 Nd7 28. Bxg7
Kxg7 29. Nf3 Qc7 30. Bb5 Nc4 31. Bxc4 Rxc4 32. h5 Rc1 33. h6+ Kg8 34. Rxc1 Qxc1
35. Ne5 Nb6 36. Qg5 f5 37. Nxg6 Qxd2 38. Ne7+ 1-0

[Event "Tradewise Hastings Masters 15-16"]
[Site "Hastings, England"]
[Date "2015.12.28"]
[Round "1.24"]
[White "Rayner, Francis"]
[Black "Spanton, Tim R"]
[Result "1-0"]
[WhiteElo "2106"]
[BlackElo "1936"]
[PlyCount "73"]
[EventDate "2015.??.??"]
[TimeControl "6600+810"]
[WhiteClock "0:04:23"]
[BlackClock "0:03:03"]

1. e4 e6 2. d4 d5 3. Nc3 Bb4 4. e5 c5 5. Bd2 Ne7 6. dxc5 Nbc6 7. Qg4 Ng6 8. Nf3
Bxc5 9. Bd3 Nb4 10. O-O Nxd3 11. cxd3 Bd7 12. d4 Be7 13. Bg5 f6 14. exf6 gxf6
15. Bh6 Kf7 16. Rfe1 Bf8 17. Bxf8 h5 18. Qg3 Rxf8 19. Re3 Rc8 20. Rae1 Rg8 21.
Nh4 Ne5 22. Qf4 Ng6 23. Nxg6 Rxg6 24. Rg3 Qc7 25. Qh4 Rh6 26. h3 Qd6 27. Ree3
Rc4 28. b3 Rc8 29. Ref3 Rch8 30. Rf4 Qe7 31. Re3 f5 32. Qxe7+ Kxe7 33. Rxf5 Rg6
34. Nxd5+ Kd6 35. Rf6 Rhg8 36. Rxg6 Rxg6 37. Nf4 1-0

[Event "Tradewise Hastings Masters 15-16"]
[Site "Hastings, England"]
[Date "2015.12.28"]
[Round "1.25"]
[White "Young, Mel J"]
[Black "Radovanovic, Jovica"]
[Result "0-1"]
[WhiteElo "1901"]
[BlackElo "2321"]
[PlyCount "54"]
[EventDate "2015.??.??"]
[WhiteClock "0:09:39"]
[BlackClock "0:07:42"]

1. e4 c5 2. d4 cxd4 3. c3 Nf6 4. e5 Nd5 5. Nf3 Nc6 6. Bc4 e6 7. O-O dxc3 8.
Bxd5 c2 9. Qxc2 Nb4 10. Qb3 Nxd5 11. Na3 Be7 12. Bd2 O-O 13. Rac1 b6 14. Nc4
Bb7 15. Nd6 Bxd6 16. exd6 Qf6 17. Bg5 Qg6 18. Qc4 Rfc8 19. Qh4 f6 20. Bd2 e5
21. Qh3 Qf7 22. Nh4 Qe6 23. Nf5 Kh8 24. g4 Rf8 25. Rfe1 g6 26. Nd4 Qxd6 27. Nb5
Qe6 0-1